| 000 | 00517cam a2200181ua 4500 | ||
|---|---|---|---|
| 001 | 10808 | ||
| 008 | 190405n ii |||gr||||Z||||||eng | ||
| 020 | _a9788180694486 | ||
| 040 | _cMAIN | ||
| 082 | _a320.95416 | ||
| 100 |
_aThingnam Kishan, _eAuthor. |
||
| 245 |
_aLook east policy and indias north east : _bpolemics and perspectives / _cEd by Thingnam Kishan . |
||
| 250 | _a1st ed. | ||
| 260 |
_aNew Delhi: _bConcept publishing company, _c2009. |
||
| 300 | _a225p. | ||
| 653 | _aPolitical science | ||
| 942 | _cBK | ||
| 999 |
_c9768 _d9768 |
||